00590nam a22001577a 450000500170000001000150001702000260003203500140005803700090007208200140008110000180009524501110011326000560022427001170028030000350039720211228155416.0 aENG-130728 a9789388754378c699.00 aEN-114260 bDBAD a338.04092 aRao, Sidharth aHow I Almost Blew It:bIncredible Lesson from India's Most Successful Digital Entrepreneurs/cSidharth Rao aChennaibWestland Publication Private Limitedc2019 a1st Floor, A Block, East Wing, Plot No. 40, SP Infocity, Dr MGR Saiai, Purungudi, KandanchavadibChennaie600096 aix, 298pc22cm(hbk)bAfterword